Risk and decisions
Αποθηκεύτηκε σε:
| Άλλοι συγγραφείς: | , |
|---|---|
| Μορφή: | Βιβλίο |
| Γλώσσα: | English |
| Δημοσίευση: |
Chichester.New York :
John Wiley,
1994
|
| Θέματα: | |
| Ετικέτες: |
Προσθήκη ετικέτας
Δεν υπάρχουν, Καταχωρήστε ετικέτα πρώτοι!
|
MARC
| LEADER | 00000nam a2200000 i 4500 | ||
|---|---|---|---|
| 001 | 1/39630 | ||
| 008 | 960126s1994 eng d | ||
| 020 | |a 0-471-95224-9 | ||
| 035 | |l 10025080 | ||
| 040 | |a GR-MY-UA |b gre |e aacr | ||
| 041 | 0 | |a eng | |
| 082 | 0 | |a 658.403 | |
| 245 | 1 | 0 | |a Risk and decisions / |c edited by W. T. Singleton, Jan Hovden |
| 260 | |a Chichester.New York : |b John Wiley, |c 1994 | ||
| 300 | |a 232 p. | ||
| 504 | |a Includes bibliographies and indexes | ||
| 650 | 0 | 0 | |a Risk management. |
| 650 | 0 | 0 | |a Risk. |
| 650 | 0 | 0 | |a Decision making. |
| 700 | 1 | |a Singleton, W. T. |q (William Thomas) |4 edt | |
| 700 | 1 | |a Hovden, Jan. |4 edt | |
| 852 | |a INST |b CHIOS |e 19960126 |h 658.403 RIS |p 005200003972 |q 005200003972 |t BK |y 0 | ||
| 909 | |a Χ |b 037450 | ||